000 00298nam a22001337a 4500
008 170922b xxu||||| |||| 00| 0 eng d
020 _a0312111649
041 _aeng
080 _a37
100 _a46
101 _aEDU
245 _aTHE ST.MARTIN GUIDE TO WRITING
_cAXELROD, R.B
942 _2udc
_cBK
999 _c29110
_d29110